LEADER 01101nam0-22003731i-450 001 990001775950403321 005 20201026110213.0 010 $a0-19-854279-4 035 $a000177595 035 $aFED01000177595 035 $a(Aleph)000177595FED01 035 $a000177595 100 $a20021010d1991----km-y0itay50------ba 101 1 $aeng$ceng 102 $aGB 105 $aa 001yy 200 1 $aPlant form$ean illustrated guide to flowering plant morphology$fAdrian D. Bell$gwith line drawings by Alan Bryan 210 $aOxford$cOxford University Press$d1991 215 $aXIII, 341 p.$cill.$d17 cm 610 0 $aPiante erbacee da fiore 610 0 $aBotanica - immagini e illustrazioni connesse 610 0 $aAngiosperme - morfologia 676 $a582.13 676 $a580.222$v23$zita 700 1$aBell,$bAdrian D.$077218 702 1$aBryan,$bAlan 801 0$aIT$bUNINA$gRICA$2UNIMARC 901 $aBK 912 $a990001775950403321 952 $a60 580.222 BELA 1991$b3829$fFAGBC 959 $aFAGBC 996 $aPlant form$920057 997 $aUNINA DB $aING01 LEADER 01046nam0-22003371i-450 001 990007833740403321 005 20220916134801.0 010 $a88-14-10218-x 035 $a000783374 035 $aFED01000783374 035 $a(Aleph)000783374FED01 035 $a000783374 100 $a20031028d2003----km-y0itay50------ba 101 0 $aita 102 $aIT 105 $ay-------001yy 200 1 $aDiritto contrattuale europeo e diritto dei consumatori$el'integrazione europea e il processo civile. Materiali del seminario del 12 luglio 2002$fraccolti da Guido Alpa e Remo Danovi 210 $aMilano$cGiuffrè$d2003 225 1 $aRassegna forense$iQuaderni$v11 676 $a340.9$v11 rid.$zita 702 1$aAlpa,$bGuido 702 1$aDanovi,$bRemo 801 0$aIT$bUNINA$gRICA$2UNIMARC 901 $aBK 912 $a990007833740403321 952 $a16-G-84$b12857$fDDCP 952 $aN2 136$bS.I.$fDSI 959 $aDDCP 959 $aDSI 996 $aDiritto contrattuale europeo e diritto dei consumatori$9663704 997 $aUNINA